Statistics for Largest Cities Containing 'A'

Click here to take the quiz!

General Stats

  • This quiz has been taken 246 times
  • The average score is 19 of 20

Answer Stats

PopulationCountryCity% Correct
28,100,100IndonesiaJakarta
99%
16,800,000EgyptCairo
98%
14,300,000TurkeyIstanbul
97%
23,300,000PhilippinesManila
97%
30,900,000ChinaShanghai
97%
16,900,000ThailandBangkok
96%
15,800,000ArgentinaBuenos Aires
96%
17,600,000United StatesLos Angeles
96%
23,200,000IndiaMumbai
95%
21,800,000BrazilSão Paulo
95%
13,700,000IranTehran
95%
17,800,000JapanOsaka
94%
12,700,000BrazilRio de Janeiro
94%
17,100,000NigeriaLagos
93%
17,600,000BangladeshDhaka
92%
13,400,000South AfricaJohannesburg
92%
16,000,000IndiaKolkata
89%
24,300,000PakistanKarachi
88%
47,700,000ChinaGuangzhou
85%
11,400,000ChinaTianjin
61%

Score Distribution

Percentile by Number Answered

Percent of People with Each Score

Your Score History

You have not taken this quiz